000 00526cam a22002171 4500
001 sa 66002079
003 DLC
005 20260227112226.0
008 900112m19639999ii 000 0 beno
010 _asa 66002079
035 _a(OCoLC)20881252
040 _aDLC
_cWaU
_dDLC
042 _apremarc
050 0 0 _aPK1677
_b.D33
100 1 _aDāsa, Ambikā Caraṇa.
245 1 0 _aChandasūtraprabeśikā.
260 _c[1963-
300 _av.
_c18 cm.
500 _aIn Bengali.
650 0 _aBengali language
_xRhetoric.
999 _c68132
_d68132